00605cam a2200133 i 450000500170000000800410001702000300005808200140008810000320010224501900013426400320032430000480035650400670040420230307153022.0230307b |||||||| |||| 00| 0 eng d a9781611804584q(hardback)00a294.3 GYA0 aGyaltsap, Shechen:eauthor.12aA chariot to freedom :bguidance from the great masters on the Vajrayāna preliminary practices /cShechen Gyaltsap Gyurme Pema Namgyal ; translated by the Padmakara Translation Group. 1aBoulder :bShambhala,c2021 axxviii, 724 pages :billustrations ;c24 cm aIncludes bibliographical references (pages 673-688) and index.